00763nam a2200241Ia 450000500170000000800460001703700110006304000080007404000080008204000080009004100080009804100080010608400080011410000480012224500830017026000090025330000100026265000120027270001210028494200070040599900210041295200880043320260430150110.0008 250103s9999 xx 000 0 eng d aTheses aCRL beng ceng 2eng aeng qCRL aDinesh Kumar Au.; Saluja Daman Gu.91236456 0aInvestigate the role of miRNAs in the pathogenesis of coronary artery disearse c2021 a216p. aScience aUniversity of Delhi. Faculty of Medical Sciences. Department of B.R. Ambedkar Center for Biomedical Resarch91236457 cTH c1848940d1848940 00104070aCRLbCRLd2026-04-30l0pTH0025808r2026-04-30 15:01:10w2026-04-30yTH